東京都議会の会派名 - Statistics

General Stats
  • This quiz has been taken 15 times
  • The average score is 4 of 13
Answer Stats
構成議員数 会派名 % Correct
19 日本共産党東京都議会議員団
92%
30 東京都議会自由民主党
85%
23 都議会公明党
77%
13 東京都議会立憲民主党
62%
1 無所属(東京維新の会)
54%
26 都民ファーストの会 東京都議団
31%
1 無所属(都議会生活者ネットワーク)
23%
4 ミライ会議
8%
2 地域政党 自由を守る会
8%
1 無所属(グリーンな東京)
0%
1 無所属(東京・品川からやさしい未来を)
0%
1 無所属(新時代の八王子)
0%
1 無所属(東京を元気にする会)
0%
No matching quizzes found
Score Distribution
Percent of People with Each Score
Percentile by Number Answered
Your Score History
You have not taken this quiz